| 000 | 00406nam a22001817a 4500 | ||
|---|---|---|---|
| 003 | OSt | ||
| 005 | 20220114094227.0 | ||
| 008 | 220114b |||||||| |||| 00| 0 eng d | ||
| 020 | _a9788126515837 | ||
| 040 | _cHU | ||
| 082 | _a532 | ||
| 100 |
_aFox .W Robert _927933 |
||
| 245 | _aIntroduction To Fluid Mechanics | ||
| 250 | _a5ed | ||
| 260 |
_aIndia _bIndia |
||
| 300 | _f762 | ||
| 942 |
_2ddc _cBOOKS _n0 |
||
| 999 |
_c26959 _d26959 |
||